01170nam a2200313 k 4500001001300000005001500013008004100028020003500069040001900104041001300123049001700136056001500153090002200168100002400190245019500214246005600409260003400465300003000499500003100529504002400560546004400584653006400628700001400692740008600706900001700792900001900809900001700828950001100845KMO20260235820260519105358260514s2026 ulka b 000a kor a9791139729504g03320 :c\17500 a146043c1460431 akorhjpn0 lEM0000048813 a325.21126 a325.211b가41아1 a가바사와 시온20a(일하면서 바로 써먹는)아웃풋×성과 도감 :b적게 일하고 더 많이 성과 내는 뇌과학 기반 80가지 작은 습관 /d가바사와 시온 지음 ;e전경아 옮김19a學びを結果に變えるアウトプット大全 a서울 :b현대지성,c2026 a272 p. :b삽화 ;c22 cm a원저자명: 樺澤紫苑 a참고문헌 수록 a일본어 원작을 한국어로 번역 a자기계발a자기관리a자기성장a습관a성공학1 a전경아02a적게 일하고 더 많이 성과 내는 뇌과학 기반 80가지 작은 습관10a화택자원10aKabasawa Shion10a樺澤紫苑0 b\17500 |
|---|